| 000 | 00569cam a2200205ua 4500 | ||
|---|---|---|---|
| 020 | _cRs 2.50 | ||
| 041 |
_amal _h |
||
| 082 |
_a894.8121 _bSAN/BH |
||
| 100 | _aSankara Panikkar, Niranom . | ||
| 245 |
_aBharatmala, Part 2 / _cNiranom Sankara Panikkar. _hTextual Documents |
||
| 250 |
_a1 / _b. |
||
| 260 |
_aThiruvananthapuram : _bUniversity Manuscripts Library , _c1954. |
||
| 300 | _a375 ; . | ||
| 365 | _aRs 2.50 | ||
| 440 | 0 |
_aMalayalam Series, _v82 _x; |
|
| 490 | 0 |
_aMalayalam Series, _v82 _x; |
|
| 504 | _a | ||
| 942 | _cBK | ||
| 999 |
_c4048 _d4048 |
||